000 00387pab a2200169 454500
008 180718b2001 xxu||||| |||| 00| 0 eng d
100 _aSahu, Barun Kumar
245 _aAll for the cut above
260 _c2001
300 _ap.13
362 _a6 Jun
650 _aBureaucracy
650 _aCivil service - India
650 _aCivil service
773 _aTelegraph
909 _a49598
999 _c49598
_d49598